Oil Leak Alert!
V príspevku sa skúmajú priame a nepriame účinky poklesu výroby v rafinérskom priemysle. Konkrétnejšie sa skúma, ako zníženie produkcie rafinérskeho priemyslu v každej krajine V4 (Česko, Maďarsko, Poľsko a Slovensko) individuálne „presakuje“ do iných odvetví a krajín, s použitím multiregionálneho inp...
Gespeichert in:
| 1. Verfasser: | |
|---|---|
| Weitere Verfasser: | , |
| Format: | Buchkapitel |
| Sprache: | Englisch |
| Schlagworte: | |
| Tags: |
Keine Tags, Fügen Sie das erste Tag hinzu!
|
MARC
| LEADER | 00000naa$a2200000$$$4500 | ||
|---|---|---|---|
| 001 | 0290535 | ||
| 005 | 20240502083940.2 | ||
| 041 | 0 | |a eng | |
| 044 | |a CZ | ||
| 245 | 1 | 0 | |a Oil Leak Alert! |c Jakub Szabó, Tomáš Ševček, Tomáš Oleš |
| 520 | |a V príspevku sa skúmajú priame a nepriame účinky poklesu výroby v rafinérskom priemysle. Konkrétnejšie sa skúma, ako zníženie produkcie rafinérskeho priemyslu v každej krajine V4 (Česko, Maďarsko, Poľsko a Slovensko) individuálne „presakuje“ do iných odvetví a krajín, s použitím multiregionálneho input-output modelu. Závery, že geografická blízkosť je dôležitá a účinky sa sústreďujú najmä v susedných krajinách krajiny, v ktorej šok vznikol. Z výsledkov vyplýva, že ekonomiky V4 najviac zraniteľné voči domácemu rafinérskemu šoku sú Poľsko a Slovensko. Z medziodvetvovej analýzy vyplýva, že účinky rafinérskeho šoku majú najvýraznejší vplyv na sektory baníctva a ťažby (ťažby kameňa), dopravy a administratívnych a kreatívnych služieb. | ||
| 610 | 2 | 0 | |a petrochémia |
| 610 | 2 | 0 | |a rafinérie |
| 610 | 2 | 0 | |a ropa |
| 610 | 2 | 0 | |a šoky ropné |
| 610 | 2 | 0 | |a metóda input-output |
| 610 | 2 | 0 | |a porovnanie štatistické medzinárodné |
| 610 | 2 | 0 | |a Vyšehradská štvorka |
| 100 | 1 | |a Szabó, Jakub, 1996- | |
| 700 | 1 | |a Ševček, Tomáš, 1997- | |
| 700 | 1 | |a Oleš, Tomáš, 1996- | |